| 000 | 01583nam a2200229Ia 4500 | ||
|---|---|---|---|
| 003 | Ost | ||
| 005 | 20260507075316.0 | ||
| 008 | 260507s9999||||xx |||||||||||||| ||und|| | ||
| 040 | _cfsecg | ||
| 041 | _aara | ||
| 082 | _a647.9401 | ||
| 100 |
_aالطائي، حميد عبد النبي _eمؤلف |
||
| 245 | 0 |
_aمدخل إلى إدارة الفنادق / _c حميد عبد النبي الطائي |
|
| 246 | _aIntroduction to hotel management | ||
| 260 |
_aعمان: _bمؤسسة الوراق للنشر والتوزيع, _c2006 |
||
| 300 |
_a365 صفحة؛ _bإيضاحات ؛ _c25 سم |
||
| 504 | _aقائمة الجداول ص.13؛ قائمة الأشكال ص.15 ببليوغرافيا: ص.356-365 | ||
| 520 | _aالترابط بين صناعتي السياحة و الضيافة، مكونات صناعة الضيافة، مفهوم ادارة الفنادق و الاتجاهات الحديثة في صناعة الفنادق، سمات الخدمة الفندقية و مستوياتها و الاستراتيجيات الادارية المطبقة في صناعة الفنادق، تصنيفات الفنادق و الهياكل التنظيمية لها، الاقسام الرئيسية للادارات في الفنادق، إدارة الموارد البشرية في الفنادق و قياس الاداء فيها، إدارة المردود في صناعة الفنادق و أخيرا تكنولوجيا المعلومات في صناعة الضيافة | ||
| 653 | _aالادارة | ||
| 653 | _aالفنادق ــ ادارة | ||
| 942 | _cكتاب | ||
| 999 |
_c43898 _d43898 |
||